|
|
|
|
| LEADER |
00000nam2a2200000 4500 |
| 001 |
275600 |
| 005 |
20231101234835.0 |
| 035 |
|
|
|a (RuTPU)RU\TPU\book\298843
|
| 035 |
|
|
|a RU\TPU\book\280133
|
| 035 |
|
|
|a RU\TPU\book\290235
|
| 090 |
|
|
|a 275600
|
| 100 |
|
|
|a 20140416d1985 k y0rusy50 ca
|
| 101 |
0 |
|
|a rus
|
| 102 |
|
|
|a RU
|
| 105 |
|
|
|a y z 001zy
|
| 200 |
0 |
|
|a Вып. 17
|f под ред. Ж. Т. Тощенко
|
| 210 |
|
|
|d 1985
|
| 215 |
|
|
|a 253 с.
|
| 320 |
|
|
|a Библиогр. в тексте
|
| 461 |
|
1 |
|0 (RuTPU)RU\TPU\book\277210
|t Вопросы теории и практики идеологической работы
|f Академия общественных наук при ЦК КПСС
|v Вып. 17
|d 1972-1989
|
| 606 |
1 |
|
|a Идеологическая работа КПСС
|2 stltpush
|3 (RuTPU)RU\TPU\subj\12184
|9 39016
|
| 610 |
1 |
|
|a идейно-политическое воспитание
|
| 610 |
1 |
|
|a социальная политика
|
| 610 |
1 |
|
|a экономическая политика
|
| 610 |
1 |
|
|a история
|
| 610 |
1 |
|
|a методология
|
| 610 |
1 |
|
|a методы
|
| 610 |
1 |
|
|a пропаганда
|
| 686 |
|
|
|a Ф61(2)5
|v LBC/SL-A
|2 rubbk
|
| 702 |
|
1 |
|a Тощенко
|b Ж. Т.
|4 340
|
| 801 |
|
1 |
|a RU
|b 63413507
|c 20140723
|
| 801 |
|
2 |
|a RU
|b 63413507
|c 20170127
|g RCR
|
| 942 |
|
|
|c BK
|